Island Countries with a Map - Statistics

General Stats
  • This quiz has been taken 812 times
  • The average score is 44 of 48
Answers on the Map
Answers color-coded by a green-red scale on the quiz's map according to % correct below.
 
Answer Stats
Area Country % Correct
7,692,024 Australia
99%
109,884 Cuba
99%
242,900 United Kingdom
99%
27,750 Haiti
98%
103,000 Iceland
98%
1,904,569 Indonesia
98%
103,000 Ireland
98%
377,930 Japan
98%
587,041 Madagascar
98%
270,467 New Zealand
98%
342,353 Philippines
98%
48,671 Dominican Republic
97%
65,610 Sri Lanka
97%
13,943 Bahamas
96%
462,840 Papua New Guinea
96%
10,991 Jamaica
95%
36,193 Taiwan
95%
751 Dominica
94%
316 Malta
94%
9,251 Cyprus
93%
452 Seychelles
93%
4,033 Cape Verde
92%
18,272 Fiji
92%
300 Maldives
92%
181 Marshall Islands
92%
28,896 Solomon Islands
92%
1,862 Comoros
91%
702 Federated States of Micronesia
91%
811 Kiribati
91%
2,040 Mauritius
90%
21 Nauru
90%
2,842 Samoa
90%
965 Sao Tome and Principe
90%
261 St. Kitts and Nevis
90%
389 St. Vincent and the Grenadines
90%
12,189 Vanuatu
90%
459 Palau
89%
616 St. Lucia
89%
430 Barbados
88%
747 Tonga
88%
5,130 Trinidad and Tobago
88%
26 Tuvalu
88%
442 Antigua and Barbuda
86%
14,874 East Timor
83%
344 Grenada
82%
5,765 Brunei
76%
710 Singapore
68%
765 Bahrain
54%
No matching quizzes found
Score Distribution
Percent of People with Each Score
Percentile by Number Answered
Your Score History
You have not taken this quiz